| 000 | 00784nam0a2200265 4500 | ||
|---|---|---|---|
| 001 | RU\NLR\ONL1\14306 | ||
| 005 | 20250613122001.0 | ||
| 035 | _a(NLR Aleph) 009643047 | ||
| 090 |
_a9554199 _c9554199 |
||
| 100 | _a20090430d1933 |||y0rusy50 ca | ||
| 101 | 0 | _amyv | |
| 102 | _aRU | ||
| 105 | _aa ||||||||| | ||
| 200 | 1 |
_aБаба сенксь _e[евтнина] _fП. Резаев |
|
| 210 |
_aСаранск _cМордгиз _d1933 |
||
| 215 |
_a68 с. _cил. _d17 |
||
| 225 | 1 | _aЭрзянь школань библиотекине | |
| 541 | 1 |
_aЦапля _zrus |
|
| 686 | 1 | _aШ9(2)6=Морд-4 | |
| 700 | 1 |
_aРезаев _bП. _4070 |
|
| 801 | 0 |
_aRU _bNLR _c20090430 _gPSBO |
|
| 852 |
_aNLR _bОНЛ _jМорд.э./2-823 |
||
| 942 | _cBOOK | ||
| 980 | _aNB | ||